Southville International School and Colleges
Your cart is empty.
  • Cart
  • Lists
    Public lists Eva Luna New books Lux_list list_1
    Your lists Log in to create your own lists
  • Log in to your account
  • Your cookies
  • Search history
Southville International School and Colleges
  • Advanced search
  • Recent comments
  • Most popular
  • Libraries

Log in to your account

Log in with GOOGLE


If you do not have an external account, but do have a local account, you can still log in:

  1. Home
  2. MARC view: Simon and the holy night /
Normal view MARC view ISBD view

Simon and the holy night / (Record no. 111871)

[ view plain ]
MARC details
000 -LEADER
fixed length control field 00658nam a2200193 a 4500
001 - CONTROL NUMBER
control field 1763
005 - DATE AND TIME OF LATEST TRANSACTION
control field 20140414131923.0
008 - FIXED-LENGTH DATA ELEMENTS--GENERAL INFORMATION
fixed length control field 001218s19uu xx 00 eng d
020 ## - INTERNATIONAL STANDARD BOOK NUMBER
International Standard Book Number 0-88708-185-1
050 ## - LIBRARY OF CONGRESS CALL NUMBER
Classification number ER
Item number Si5 1991
100 ## - MAIN ENTRY--PERSONAL NAME
Personal name Tharlet, Eve
245 ## - TITLE STATEMENT
Title Simon and the holy night /
Statement of responsibility, etc Eve Tharlet ; translated by Andrew Clements.
260 ## - PUBLICATION, DISTRIBUTION, ETC. (IMPRINT)
Place of publication, distribution, etc Saxonville, Ma. :
Name of publisher, distributor, etc Picture Book Studio,
Date of publication, distribution, etc 1991.
300 ## - PHYSICAL DESCRIPTION
Extent 1 v. p. : ill. ; cm.
520 ## - SUMMARY, ETC.
Summary, etc Relates how a little shepherd boy comes to witness the events surrounding the birth of Jesus Christ.
650 ## - SUBJECT ADDED ENTRY--TOPICAL TERM
Topical term or geographic name as entry element Shepherds
General subdivision Fiction.
650 ## - SUBJECT ADDED ENTRY--TOPICAL TERM
Topical term or geographic name as entry element Jesus Christ
General subdivision Nativity
-- Fiction.
Holdings
Withdrawn status Lost status Damaged status Use restrictions Home library Current library Shelving location Date acquired Source of acquisition Total Checkouts Full call number Barcode Date last seen Price effective from Koha item type
        Munich Library Munich Library Easy Reading Section 12/29/2004     ER Si5 1991 M2787 04/14/2014 04/14/2014 Books

Simon and the holy night /

APA

Tharlet E., . (1991). Simon and the holy night. Saxonville, Ma: Picture Book Studio.

Chicago

Tharlet Eve, . 1991. Simon and the holy night. Saxonville, Ma: Picture Book Studio.

Harvard

Tharlet E., . (1991). Simon and the holy night. Saxonville, Ma: Picture Book Studio.

MLA

Tharlet Eve, . Simon and the holy night. Saxonville, Ma: Picture Book Studio. 1991.

  • Place hold
  • Print
  • Cite
  • Add to your cart (remove)
  • Save record
    BIBTEX Dublin Core MARCXML MARC (non-Unicode/MARC-8) MARC (Unicode/UTF-8) MARC (Unicode/UTF-8, Standard) MODS (XML) RIS
  • More searches
    Search for this title in:
    Other Libraries (WorldCat) Other Databases (Google Scholar) Online Stores (Bookfinder.com) Open Library (openlibrary.org)

Exporting to Dublin Core...

SOUTHVILLE LIBRARY

Southville International School and Colleges Library

1281 Tropical Ave. Cor. Luxembourg St., BF Homes International, Las Pinas City

Tel. No. 8256374 / 252358 Loc. 117/146

Powered by Koha